Eddington = Eddington /
محفوظ في:
| المؤلف الرئيسي: | |
|---|---|
| مؤلفون آخرون: | , , , , , , , , |
| التنسيق: | |
| اللغة: | الإنجليزية |
| منشور في: |
EUA :
A24 : Square Peg,
2025, c2025
|
| الطبعة: | Edición especial |
| سلاسل: | (A24 ;
30) |
| الموضوعات: | |
| الوسوم: |
لا توجد وسوم, كن أول من يضع وسما على هذه التسجيلة!
|
MARC
| LEADER | 00000ngm^a2200000^a^4500 | ||
|---|---|---|---|
| 001 | 000629727 | ||
| 005 | 20260325000000.0 | ||
| 009 | 20260407175354.494 | ||
| 037 | |a Acervo ITESO - Biblioteca | ||
| 041 | |a ING | ||
| 082 | |a 808. 8 |b ATW V. 30 | ||
| 100 | |a Aster, Ari |e (realización) | ||
| 245 | 1 | 0 | |a Eddington = |b Eddington / |c Realización de A. Aster. |
| 246 | 2 | |a Título en México: Eddington | |
| 250 | |a Edición especial | ||
| 264 | 4 | |a EUA : |b A24 : |b Square Peg, |c 2025, c2025 | |
| 264 | 2 | |a Nueva York, EUA : |b A24 [distribución], |c 2025, c2025 | |
| 300 | |a 1 blu-ray sin dato de región (148, 33 min.) : |b color | ||
| 336 | |a imagen móvil bidimensional |b tdi |2 rdacontenido | ||
| 337 | |a video |b v |2 rdamedio | ||
| 338 | |a videodisco |b vd |2 rdasoporte | ||
| 440 | 1 | |a (A24 ; |v 30) | |
| 546 | |a En inglés, con subtítulos opcionales: español, inglés | ||
| 649 | |a XX | ||
| 650 | |a Alcaldes en el Cine | ||
| 650 | |a Making Of (Documentales detrás de Cámaras) | ||
| 650 | |a Producción Cinematográfica - |z EUA | ||
| 650 | |a Sátira | ||
| 650 | |a Comedias de Humor Negro | ||
| 650 | |a Westerns | ||
| 650 | |a Cine Social y Político | ||
| 650 | |a Cine Norteamericano - |y 2020-2029 | ||
| 650 | |a Cine Norteamericano - |y Siglo XXI | ||
| 650 | |a Tecnologías de Comunicación e Información - |z EUA - |x Aspectos Políticos | ||
| 650 | |a Manipulación Informativa - |z EUA | ||
| 650 | |a COVID 19 - |z EUA - |x Aspectos Políticos | ||
| 650 | |a Pandemias - |z EUA - |x Aspectos Políticos | ||
| 650 | |a Movimientos Antirracistas - |z EUA | ||
| 650 | |a Movimientos Políticos - |z EUA | ||
| 650 | |a Movimientos Sociales - |z EUA | ||
| 650 | |a Elecciones - |z EUA | ||
| 650 | |a Justicia e Injusticia - |z EUA | ||
| 650 | |a Poder Político - |z EUA | ||
| 650 | |a Sistema Político - |z EUA | ||
| 650 | |a Comunicación y Política - |z EUA | ||
| 650 | |a Política - |z EUA - |x Historia - |y Siglo XXI | ||
| 650 | |a Nuevo México, EUA en el Cine | ||
| 650 | |a EUA - |x Condiciones Políticas | ||
| 700 | |a Aster, Ari |e (guión) | ||
| 700 | |a Khondji, Darius |e (fotógrafo) | ||
| 700 | |a Terrazas, Anna |e (vestuario) | ||
| 700 | |a Johnston, Lucian |e (montaje) | ||
| 700 | |a The Haxan Cloak |e (música) | ||
| 700 | |a Pemberton, Daniel |e (música) | ||
| 700 | |a Phoenix, Joaquin |e (actuación) | ||
| 700 | |a Pascal, Pedro |e (actuación) | ||
| 700 | |a Grimes, Luke |e (actuación) | ||
| 910 | |a Fondo General | ||
| 920 | |a Audiovisuales - Blu-rays | ||
| 940 | |a Películas | ||
| 905 | |a 309 | ||
| 901 | |a 629960-10 |b IT2 |c BRR |i C193217 |u 20260325 | ||
| 902 | |a https://opac.biblio.iteso.mx/vufind/Record/000629727 | ||